История психологии: учебное пособие для вузов

التفاصيل البيبلوغرافية
المؤلف الرئيسي: Марцинковская Т. Д. Татьяна Давыдовна
الملخص:В учебнике раскрываются общие закономерности и характеризуются этапы формирования предмета психологической науки, показаны динамика и логика развития психологических концепций, дана панорама различных взглядов на законы, управляющие поведением человека и процессом познания им внешнего мира, законы становления его личности. История психологической науки раскрывается в контексте общей истории культуры. Впервые предлагается обзор состояния отечественной психологии в конце XIX - начале XX в.Для студентов высших учебных заведений. Может быть полезен всем читателям, интересующимся проблемами психологии и истории науки.
اللغة:الروسية
منشور في: Москва, Академия, 2007
الطبعة:7-е изд., стер.
سلاسل:Высшее профессиональное образование. Психология
الموضوعات:
التنسيق: كتاب
KOHA link:https://koha.lib.tpu.ru/cgi-bin/koha/opac-detail.pl?biblionumber=137985

MARC

LEADER 00000nam0a2200000 4500
001 137985
005 20231101220719.0
010 |a 9785769542985 
035 |a (RuTPU)RU\TPU\book\149522 
035 |a RU\TPU\book\47237 
090 |a 137985 
100 |a 20021210d2007 m y0rusy50 ca 
101 0 |a rus 
102 |a RU 
105 |a y j 001zy 
200 1 |a История психологии  |e учебное пособие для вузов  |f Т. Д. Марцинковская  
205 |a 7-е изд., стер. 
210 |a Москва  |c Академия  |d 2007 
215 |a 544 с. 
225 1 |a Высшее профессиональное образование. Психология 
320 |a Библиогр. в конце глав. 
320 |a Основные понятия: с. 534-537. 
330 |a В учебнике раскрываются общие закономерности и характеризуются этапы формирования предмета психологической науки, показаны динамика и логика развития психологических концепций, дана панорама различных взглядов на законы, управляющие поведением человека и процессом познания им внешнего мира, законы становления его личности. История психологической науки раскрывается в контексте общей истории культуры. Впервые предлагается обзор состояния отечественной психологии в конце XIX - начале XX в.Для студентов высших учебных заведений. Может быть полезен всем читателям, интересующимся проблемами психологии и истории науки. 
451 1 |0 (RuTPU)RU\TPU\book\47237  |y 5-7695-0641-5  |t История психологии  |o учебное пособие для вузов  |f Т. Д. Марцинковская   |c Москва  |n Академия  |d 2001  |p 544 с.  |s Высшее образование  |a Марцинковская , Татьяна Давыдовна 
606 |a Психология  |x История  |2 stltpush  |3 (RuTPU)RU\TPU\subj\53125  |9 71475 
610 1 |a история 
610 1 |a античность 
610 1 |a средние века 
610 1 |a Возрождение 
610 1 |a Новое время 
610 1 |a 18 век 
610 1 |a 19 век 
610 1 |a 20 век 
610 1 |a психологические школы 
610 1 |a бихевиоризм 
610 1 |a гештальтпсихология 
610 1 |a психоанализ 
610 1 |a гуманистическая психология 
610 1 |a генетическая психология 
610 1 |a когнитивная психология 
610 1 |a Россия 
610 1 |a учебные пособия 
686 |a Ю91я73  |v LBC/SL-A  |2 rubbk 
700 1 |a Марцинковская  |b Т. Д.  |g Татьяна Давыдовна 
801 1 |a RU  |b 63413507  |c 20080519  |g PSBO 
801 2 |a RU  |b 63413507  |c 20180709  |g PSBO 
900 |a История и методология науки 
942 |c BK 
951 |a 521000  |a 540500 
959 |a 50/20080519  |d 1  |e 0  |f ЧЗГЛ:1